| 000 | 00826cam a2200217 a 4500 | ||
|---|---|---|---|
| 001 | 3371431 | ||
| 003 | ARRUPE | ||
| 005 | 20131127145621.0 | ||
| 008 | 870210s1985 enk 000 1 eng | ||
| 010 | _a 87111816 | ||
| 020 |
_a0701139641 : _c£8.95 |
||
| 040 |
_aDLC _cDLC _dDLC |
||
| 050 | 0 | 0 | _aPZ4.C323.B54 |
| 100 | 1 |
_aCarter, Angela, _d1940-1992. _94282 |
|
| 245 | 1 | 0 |
_aBlack Venus / _cAngela Carter. |
| 260 |
_aLondon : _bChatto & Windus : _bHogarth Press, _c1985. |
||
| 300 |
_a121 p. ; _c24 cm. |
||
| 505 | 0 | _aBlack Venus -- The kiss -- Our Lady of the Massacre -- The cabinet of Edgar Allan Poe -- Overture and incidental music for A midsummer night's dream -- Peter and the wolf -- The kitchen child -- The Fall River axe murders. | |
| 906 |
_a7 _bcbc _corignew _d2 _encip _f19 _gy-gencatlg |
||
| 942 |
_2lcc _cMONOGRAPH |
||
| 999 |
_c118803 _d118803 |
||